<?xml version="1.0" encoding="UTF-8"?><?xml-stylesheet type="text/xsl" href="static/style.xsl"?><OAI-PMH xmlns="http://www.openarchives.org/OAI/2.0/" xmlns:xsi="http://www.w3.org/2001/XMLSchema-instance" xsi:schemaLocation="http://www.openarchives.org/OAI/2.0/ http://www.openarchives.org/OAI/2.0/OAI-PMH.xsd"><responseDate>2026-04-17T11:49:00Z</responseDate><request verb="GetRecord" identifier="oai:www.recercat.cat:2072/393557" metadataPrefix="marc">https://recercat.cat/oai/request</request><GetRecord><record><header><identifier>oai:recercat.cat:2072/393557</identifier><datestamp>2026-04-04T22:40:30Z</datestamp><setSpec>com_2072_98</setSpec><setSpec>col_2072_378192</setSpec></header><metadata><record xmlns="http://www.loc.gov/MARC21/slim" xmlns:dcterms="http://purl.org/dc/terms/" xmlns:xsi="http://www.w3.org/2001/XMLSchema-instance" xmlns:doc="http://www.lyncode.com/xoai" xsi:schemaLocation="http://www.loc.gov/MARC21/slim http://www.loc.gov/standards/marcxml/schema/MARC21slim.xsd">
   <leader>00925njm 22002777a 4500</leader>
   <datafield ind2=" " ind1=" " tag="042">
      <subfield code="a">dc</subfield>
   </datafield>
   <datafield ind2=" " ind1=" " tag="720">
      <subfield code="a">Mora, Tatiana</subfield>
      <subfield code="e">author</subfield>
   </datafield>
   <datafield ind2=" " ind1=" " tag="260">
      <subfield code="c">2010</subfield>
   </datafield>
   <datafield ind2=" " ind1=" " tag="520">
      <subfield code="a">El proyecto Close To ha desarrollado un innovador método pedagógico que busca disminuir los accidentes de tráfico basándose en el enfoque de «aprendizaje entre iguales». Implementado en autoescuelas de once países de la Comunidad Europea, incorpora la figura del mentor (peer): una víctima o causante de un accidente, quien relata su vivencia a los alumnos, para sensibilizarlos sobre el riesgo de conducir de forma temeraria. El método pedagógico desarrollado por Close To ha sido evaluado positivamente, ya que se ha observado la incidencia de los mentores en la reducción de comportamientos de riesgo de los conductores noveles. Close To, co-financiado por la Comisión Europea desde 2007, ha sido coordinado en España por PAU Education, entidad experta en educación vial y en construcción de comunidades y operador de la European Road Safety Charter www.paueducation.com).</subfield>
   </datafield>
   <datafield ind2=" " ind1=" " tag="520">
      <subfield code="a">El projecte Close To ha desenvolupat un innovador mètode pedagògic, que té per objectiu disminuir els accidents de trànsit a partir de l'enfocament «aprenentatge entre iguals». S'ha implementat en autoescoles d'onze països de la Comunitat Europea, i s'incorpora la figura del mentor (peer): una víctima o causant d'un accident, que relata la seva vivència als alumnes, per sensibilitzar-los sobre el risc de conduir de manera temerària. El mètode pedagògic desenvolupat per Close To ha estat avaluat positivament, ja que s'ha observat la incidència dels mentors en la reducció dels comportaments de risc en els conductors novells. Close To, co-finançat per la Comissió Europea des de 2007, ha estat coordinat per PAU Education, entitat experta en educació viària i en construcció de comunitats i operador de la European Road Safety Charter (www.paueducation.com).</subfield>
   </datafield>
   <datafield ind2=" " ind1=" " tag="520">
      <subfield code="a">Through the Close To project, an innovative educational method based on a peer education has been developed in order to reduce traffic accidents. The method has been implemented in driving schools in 11 European countries, and incorporates the figure of the peer mentor: an accident victim or traffic offender who talks to pupils about his/her experience, raising awareness about the risks of reckless driving. The educational method developed through Close To has been positively evaluated, and the peer mentors' work has been seen to reduce reckless driving among new drivers. Close To, co-financed by the European Commission since 2007, has been coordinated in Spain by PAU Education, which has extensive experience in road safety education and building communities, and operates the European Road Safety Charter (www.paueducation.com).</subfield>
   </datafield>
   <datafield tag="653" ind2=" " ind1=" ">
      <subfield code="a">Mentor</subfield>
   </datafield>
   <datafield tag="653" ind2=" " ind1=" ">
      <subfield code="a">Pares/peers</subfield>
   </datafield>
   <datafield tag="653" ind2=" " ind1=" ">
      <subfield code="a">Causante/offender</subfield>
   </datafield>
   <datafield tag="653" ind2=" " ind1=" ">
      <subfield code="a">Accidentes de tráfico</subfield>
   </datafield>
   <datafield tag="653" ind2=" " ind1=" ">
      <subfield code="a">Conductas de riesgo</subfield>
   </datafield>
   <datafield tag="653" ind2=" " ind1=" ">
      <subfield code="a">Jóvenes conductores</subfield>
   </datafield>
   <datafield tag="653" ind2=" " ind1=" ">
      <subfield code="a">Entre iguals/peers</subfield>
   </datafield>
   <datafield tag="653" ind2=" " ind1=" ">
      <subfield code="a">Causant/offender</subfield>
   </datafield>
   <datafield tag="653" ind2=" " ind1=" ">
      <subfield code="a">Accidents de trànsit</subfield>
   </datafield>
   <datafield tag="653" ind2=" " ind1=" ">
      <subfield code="a">Conductes de risc</subfield>
   </datafield>
   <datafield tag="653" ind2=" " ind1=" ">
      <subfield code="a">Joves conductors</subfield>
   </datafield>
   <datafield tag="653" ind2=" " ind1=" ">
      <subfield code="a">Peers</subfield>
   </datafield>
   <datafield tag="653" ind2=" " ind1=" ">
      <subfield code="a">Offender</subfield>
   </datafield>
   <datafield tag="653" ind2=" " ind1=" ">
      <subfield code="a">Traffic accidents</subfield>
   </datafield>
   <datafield tag="653" ind2=" " ind1=" ">
      <subfield code="a">Reckless behaviour</subfield>
   </datafield>
   <datafield tag="653" ind2=" " ind1=" ">
      <subfield code="a">Young drivers</subfield>
   </datafield>
   <datafield ind2="0" ind1="0" tag="245">
      <subfield code="a">Close To, experiencia educativa a nivel europeo para incidir en conductores principiantes</subfield>
   </datafield>
</record></metadata></record></GetRecord></OAI-PMH>